01160nam a2200241 a 4500008004100000020001500041050001600056100001800072245004000090246004100130260003000171300002100201350000900222500004800231650001300279650002200292650001700314995015000331995015000481999001700631952013500648952013500783120416s1972 ||||||||||||||||| || u a0070942315 aHD 47.5 Rad aRadke, Magnus10aManual of cost reduction techniques aSofortprogramm Kostensparen. English aLondonbMcGraw-Hillc1972 aviii,259p. : ill a0.00 aTranslation of Sofortprogramm Kostensparen. 0aBUSINESS aCOSTS, INDUSTRIAL aCOST CONTROL aMAIN LIBRARY OPEN ACCESSD0.00e716430FCBU-MAIN LIBRARY (Kitwe)H2I4.00jHD 47.5 RadM2UAVAILABLEy003538ZMain Library Open Access Collection aMAIN LIBRARY OPEN ACCESSD0.00e716429FCBU-MAIN LIBRARY (Kitwe)H1I4.00jHD 47.5 RadM1UAVAILABLEy003537ZMain Library Open Access Collection c82587d82587 00102lcc4070a001b001cMain Library Open Access Collectiond2023-09-29l0oHD 47.5 Radp003538r2023-09-29t1w2023-09-29y002 00102lcc4070a001b001cMain Library Open Access Collectiond2023-09-29l0oHD 47.5 Radp003537r2023-09-29t2w2023-09-29y002